000 01169nam a22002537a 4500
005 20240530110349.0
008 141214s2008 ua d f b 000 0 ara d
017 _a2008/23223
_bمصر . دار الكتب المصرية
020 _a9772583542
040 _aEG-CaGPL
041 0 _aara
082 0 4 _221
_a664.062\
_bم ط
100 0 _aمحمد محمد محمد هاشم
245 1 0 _aطرق الكشف عن الملونات المضافة الى المنتجات الغذائية و موقف التشريعات الدولية منها /
_cمحمد محمد محمد هاشم
260 _aالقاهرة :
_bالدار العربية للنشر و التوزيع ،
_c2008
300 _a182 ص :
_bجداول ؛
_c24 سم
504 _aيشتمل على اطروحات ببليوجرافية
650 0 4 _aالاغذية
_xقوانين و تشريعات
650 0 4 _aالاغذية
_xصناعة و تجارة
_xالجوانب الصحية
650 0 4 _aالاغذية
_xصناعة و تجارة
_xمواصفات الامان
650 0 4 _aالاغذية
_xالالوان الصناعية
942 _2ddc
_cBK
999 _c60025
_d60025